Belgium Players Biggest Transfers - Statistics

General Stats
  • This quiz has been taken 123 times
  • The average score is 112 of 250
Answer Stats
Player From Joined % Correct
LW Eden Hazard 19/20 Chelsea Real Madrid
100%
LW Eden Hazard 12/13 Lille Chelsea
100%
LB Jordan Lukaku 16/17 Oostende Lazio
100%
AM Kevin De Bruyne 15/16 Wolfsburg Manchester City
100%
AM Kevin De Bruyne 13/14 Chelsea Wolfsburg
100%
AM Kevin De Bruyne 11/12 Genk Chelsea
100%
ST Romelu Lukaku 21/22 Inter Milan Chelsea
100%
ST Romelu Lukaku 17/18 Everton Manchester United
100%
ST Romelu Lukaku 19/20 Manchester United Inter Milan
100%
ST Romelu Lukaku 14/15 Chelsea Everton
100%
ST Romelu Lukaku 11/12 Anderlecht Chelsea
100%
ST Romelu Lukaku 22/23 Chelsea Inter Milan
100%
ST Romelu Lukaku 23/24 Chelsea Roma
100%
ST Romelu Lukaku 13/14 Chelsea Everton
100%
LW Thorgan Hazard 19/20 Borussia Monchengladbach Borussia Dortmund
100%
LW Thorgan Hazard 15/16 Chelsea Borussia Monchengladbach
100%
LW Thorgan Hazard 23/24 Borussia Dortmund Anderlecht
100%
GK Thibaut Courtois 18/19 Chelsea Real Madrid
96%
GK Thibaut Courtois 11/12 Genk Chelsea
96%
CM Youri Tielemans 19/20 Monaco Leicester City
95%
CM Youri Tielemans 17/18 Anderlecht Monaco
95%
RW Jeremy Doku 23/24 Rennes Manchester City
94%
RW Jeremy Doku 20/21 Anderlecht Rennes
94%
DM Axel Witsel 12/13 Benfica Zenit
93%
DM Axel Witsel 18/19 Tianjin Tianhai Borussia Dortmund
93%
DM Axel Witsel 16/17 Zenit Tianjin Quanjian
93%
DM Axel Witsel 11/12 Standard Liege Benfica
93%
CB Jan Vertonghen 12/13 Ajax Tottenham Hotspur
91%
CM Marouane Fellaini 13/14 Everton Manchester United
91%
CM Marouane Fellaini 08/09 Standard Liege Everton
91%
CM Marouane Fellaini 18/19 Manchester United Shandong Luneng
91%
LW Leandro Trossard 22/23 Brighton & Hove Albion Arsenal
90%
LW Leandro Trossard 19/20 Genk Brighton & Hove Albion
90%
LW Yannick Carrasco 17/18 Atletico Madrid Dalian Yifang
90%
LW Yannick Carrasco 20/21 Dalian Pro Atletico Madrid
90%
LW Yannick Carrasco 23/24 Atletico Madrid Al-Shabab
90%
LW Yannick Carrasco 15/16 Monaco Atletico Madrid
90%
ST Christian Benteke 15/16 Aston Villa Liverpool
89%
ST Christian Benteke 16/17 Liverpool Crystal Palace
89%
ST Christian Benteke 12/13 Genk Aston Villa
89%
ST Christian Benteke 22/23 Crystal Palace DC United
89%
CB Toby Alderweireld 15/16 Atletico Madrid Tottenham Hotspur
89%
CB Toby Alderweireld 21/22 Tottenham Hotspur Al-Duhail
89%
CB Toby Alderweireld 13/14 Ajax Atletico Madrid
89%
CB Toby Alderweireld 22/23 Al-Duhail Royal Antwerp
89%
CB Thomas Vermaelen 14/15 Arsenal Barcelona
87%
CB Thomas Vermaelen 09/10 Ajax Arsenal
87%
ST Michy Batshuayi 16/17 Marseille Chelsea
83%
ST Michy Batshuayi 14/15 Standard Liege Marseille
83%
ST Michy Batshuayi 22/23 Chelsea Fenerbahce
83%
ST Michy Batshuayi 18/19 Chelsea Valencia
83%
DM Romeo Lavia 23/24 Southampton Chelsea
82%
DM Romeo Lavia 22/23 Manchester City Southampton
82%
ST Divock Origi 14/15 Lille Liverpool
81%
ST Divock Origi 17/18 Liverpool Wolfsburg
81%
ST Lois Openda 23/24 Lens RB Leipzig
81%
ST Lois Openda 22/23 Club Brugge Lens
81%
GK Simon Mignolet 13/14 Sunderland Liverpool
80%
GK Simon Mignolet 19/20 Liverpool Club Brugge
80%
GK Simon Mignolet 10/11 Sint-Truiden Sunderland
80%
CB Vincent Kompany 06/07 Anderlecht Hamburg
80%
CB Vincent Kompany 08/09 Hamburg Manchester City
80%
DM Amadou Onana 22/23 Lille Everton
78%
DM Amadou Onana 21/22 Hamburg Lille
78%
CM Radja Nainggolan 18/19 Roma Inter Milan
77%
CM Radja Nainggolan 14/15 Cagliari Roma
77%
CM Radja Nainggolan 13/14 Cagliari Roma
77%
AM Charles De Ketelaere 22/23 Club Brugge Milan
76%
AM Charles De Ketelaere 23/24 Milan Atalanta
76%
CM Mousa Dembele 12/13 Fulham Tottenham Hotspur
74%
CM Mousa Dembele 10/11 AZ Alkmaar Fulham
74%
CM Mousa Dembele 18/19 Tottenham Hotspur Guangzhou R&F
74%
CM Mousa Dembele 06/07 Willem II AZ Alkmaar
74%
CB Wout Faes 22/23 Reims Leicester City
74%
CB Wout Faes 19/20 Oostende Reims
74%
RB Timothy Castagne 20/21 Atalanta Leicester City
73%
RB Timothy Castagne 23/24 Leicester City Fulham
73%
RB Timothy Castagne 17/18 Genk Atalanta
73%
SS Dries Mertens 13/14 PSV Napoli
72%
SS Dries Mertens 11/12 Utrecht PSV
72%
RB Thomas Meunier 16/17 Club Brugge Paris Saint-Germain
71%
LW Nacer Chadli 16/17 Tottenham Hotspur West Bromwich Albion
70%
LW Nacer Chadli 18/19 West Bromwich Albion Monaco
70%
LW Nacer Chadli 13/14 Twente Tottenham Hotspur
70%
RW Dodi Lukebakio 19/20 Watford Hertha Berlin
69%
RW Dodi Lukebakio 23/24 Hertha Berlin Sevilla
69%
RW Dodi Lukebakio 17/18 Charleroi Watford
69%
RW Dodi Lukebakio 17/18 Anderlecht Charleroi
69%
DM Leander Dendoncker 22/23 Wolverhampton Wanderers Aston Villa
69%
DM Leander Dendoncker 19/20 Anderlecht Wolverhampton Wanderers
69%
CB Daniel Van Buyten 01/02 Standard Liege Marseille
65%
CB Daniel Van Buyten 06/07 Hamburg Bayern Munich
65%
CB Daniel Van Buyten 04/05 Marseille Hamburg
65%
RW Adnan Januzaj 17/18 Manchester United Real Sociedad
63%
CB Jason Denayer 18/19 Manchester City Lyon
60%
CB Arthur Theate 22/23 Bologna Rennes
59%
CB Arthur Theate 22/23 Oostende Bologna
59%
CM Albert Sambi Lokonga 21/22 Anderlecht Arsenal
57%
AM Kevin Mirallas 12/13 Olympiacos Everton
57%
AM Kevin Mirallas 08/09 Lille Saint-Etienne
57%
AM Kevin Mirallas 11/12 Saint-Etienne Olympiacos
57%
CM Dennis Praet 19/20 Sampdoria Leicester City
56%
CM Dennis Praet 16/17 Anderlecht Sampdoria
56%
RW Alexis Saelemaekers 20/21 Anderlecht Milan
55%
RW Alexis Saelemaekers 19/20 Anderlecht Milan
55%
CM Orel Mangala 22/23 Stuttgart Nottingham Forest
55%
CB Dedryck Boyata 22/23 Hertha Berlin Club Brugge
48%
RW Julien Duranville 22/23 Anderlecht Borussia Dortmund
43%
GK Matz Sels 16/17 Gent Newcastle United
41%
GK Matz Sels 18/19 Newcastle United Strasbourg
41%
CM Aster Vranckx 21/22 Mechelen Wolfsburg
40%
CM Aster Vranckx 22/23 Wolfsburg Milan
40%
CB Sebastiaan Bornauw 21/22 Koln Wolfsburg
40%
CB Sebastiaan Bornauw 19/20 Anderlecht Koln
40%
DM Steven Defour 16/17 Anderlecht Burnley
39%
DM Steven Defour 14/15 Porto Anderlecht
39%
DM Steven Defour 11/12 Standard Liege Porto
39%
AM Hans Vanaken 15/16 Lokeren Club Brugge
35%
CB Zinho Vanheusden 21/22 Standard Liege Inter Milan
34%
CB Zinho Vanheusden 19/20 Inter Milan Standard Liege
34%
CB Bjorn Engels 19/20 Reims Aston Villa
33%
CB Bjorn Engels 17/18 Club Brugge Olympiacos
33%
CB Bjorn Engels 19/20 Olympiacos Reims
33%
CB Bjorn Engels 21/22 Aston Villa Royal Antwerp
33%
ST Emile Mpenza 99/00 Standard Liege Schalke
32%
ST Emile Mpenza 04/05 Standard Liege Hamburg
32%
ST Benito Raman 19/20 Fortuna Dusseldorf Schalke
31%
ST Benito Raman 21/22 Schalke Anderlecht
31%
LW Charly Musonda 17/18 Chelsea Celtic
31%
LW Charly Musonda 12/13 Anderlecht Chelsea
31%
ST Laurent Depoitre 16/17 Gent Porto
30%
ST Laurent Depoitre 17/18 Porto Huddersfield Town
30%
GK Thomas Kaminski 23/24 Blackburn Rovers Luton Town
30%
GK Thomas Kaminski 18/19 Kortrijk Gent
30%
AM Marc Wilmots 00/01 Schalke Bordeaux
29%
ST Dante Vanzeir 22/23 Union Saint-Gilloise New York Red Bulls
27%
RB Ritchie De Laet 16/17 Leicester City Aston Villa
27%
CB Christian Kabasele 16/17 Genk Watford
26%
AM Enzo Scifo 87/88 Anderlecht Inter Milan
26%
AM Enzo Scifo 91/92 Auxerre Torino
26%
ST Wesley Sonck 03/04 Genk Ajax
26%
ST Wesley Sonck 05/06 Ajax Borussia Monchengladbach
26%
CB Nicolas Lombaerts 07/08 Gent Zenit
24%
LM Olivier Deman 23/24 Cercle Brugge Werder Bremen
23%
RB Thomas Foket 18/19 Gent Reims
23%
CB Ameen Al-Dakhil 22/23 Sint-Truiden Burnley
22%
CM Sven Kums 16/17 Gent Watford
22%
CM Sven Kums 17/18 Watford Anderlecht
22%
DM Timmy Simons 05/06 Club Brugge PSV
22%
RW Benson Manuel 22/23 Royal Antwerp Burnley
21%
RW Benson Manuel 19/20 Genk Royal Antwerp
21%
ST Jelle Vossen 15/16 Burnley Club Brugge
21%
ST Jelle Vossen 15/16 Genk Burnley
21%
GK Maarten Vandevoordt 24/25 Genk RB Leipzig
21%
RB Hugo Siquet 21/22 Standard Liege Freiburg
20%
ST Landry Dimata 17/18 Oostende Wolfsburg
20%
ST Landry Dimata 19/20 Wolfsburg Anderlecht
20%
ST Landry Dimata 21/22 Anderlecht Espanyol
20%
DM Mats Rits 23/24 Club Brugge Anderlecht
20%
DM Senne Lynen 23/24 Union Saint-Gilloise Werder Bremen
20%
LW Michel-Ange Balikwisha 21/22 Standard Liege Royal Antwerp
19%
LW Anthony Limbombe 18/19 Club Brugge Nantes
18%
LW Anthony Limbombe 16/17 NEC Nijmegen Club Brugge
18%
ST Luis Oliveira 96/97 Cagliari Fiorentina
17%
ST Luis Oliveira 92/93 Anderlecht Cagliari
17%
ST Gianni Bruno 21/22 Zulte Waregem Gent
16%
DM Guillaume Gillet 07/08 Gent Anderlecht
16%
ST Hugo Cuypers 22/23 Mechelen Gent
16%
GK Jean-Francois Gillet 00/01 Monza Bari
16%
RB Louis Patris 23/24 Leuven Anderlecht
16%
RW Massimo Bruno 14/15 Anderlecht RB Leipzig
16%
CB Siebe Van Der Heyden 23/24 Union Saint-Gilloise Mallorca
16%
LM Bart Goor 01/02 Anderlecht Hertha Berlin
15%
ST Gilles De Bilde 99/00 PSV Sheffield Wednesday
15%
CB Hannes Delcroix 23/24 Anderlecht Burnley
15%
ST Luc Nilis 94/95 Anderlecht PSV
15%
RB Maxime Busi 20/21 Charleroi Parma
15%
RB Maxime Busi 22/23 Parma Reims
15%
CM Vadis Odjidja-Ofoe 14/15 Club Brugge Norwich City
15%
CM Vadis Odjidja-Ofoe 17/18 Legia Warsaw Olympiacos
15%
CM Vadis Odjidja-Ofoe 18/19 Olympiacos Gent
15%
DM Birger Verstraete 19/20 Gent Koln
14%
DM Birger Verstraete 21/22 Koln Royal Antwerp
14%
RB Ignace Van der Brempt 21/22 Club Brugge RB Salzburg
14%
DM Mandela Keita 23/24 Leuven Royal Antwerp
14%
ST Marc Degryse 89/90 Club Brugge Anderlecht
14%
LW Maxime Lestienne 16/17 Al-Arabi Rubin Kazan
14%
LW Maxime Lestienne 14/15 Club Brugge Al-Arabi
14%
RM Alessio Castro-Montes 23/24 Gent Union Saint-Gilloise
13%
ST Branko Strupar 99/00 Genk Derby County
13%
CB Elias Cobbaut 22/23 Anderlecht Parma
13%
CB Elias Cobbaut 18/19 Mechelen Anderlecht
13%
GK Hendrik Van Crombrugge 19/20 Eupen Anderlecht
13%
ST Igor de Camargo 10/11 Standard Liege Borussia Monchengladbach
13%
CB Jelle Van Damme 10/11 Wolverhampton Wanderers Standard Liege
13%
CB Jelle Van Damme 10/11 Anderlecht Wolverhampton Wanderers
13%
CB Jelle Van Damme 04/05 Ajax Southampton
13%
LW Mike Tresor 21/22 Willem II Genk
13%
RB Anthony Vanden Borre 07/08 Anderlecht Fiorentina
12%
ST Bob Peeters 00/01 Roda Vitesse
12%
DM Daouda Peeters 18/19 Sampdoria Juventus
12%
ST Obbi Oulare 15/16 Club Brugge Watford
12%
ST Obbi Oulare 19/20 Watford Standard Liege
12%
RW Thomas Buffel 04/05 Feyenoord Rangers
12%
AM Anouar Ait El Hadj 22/23 Anderlecht Genk
11%
LB Boli Bolingoli 19/20 Rapid Vienna Celtic
11%
RW Isaac Mbenza 19/20 Montpellier Huddersfield Town
11%
RW Isaac Mbenza 18/19 Montpellier Huddersfield Town
11%
GK Logan Bailly 08/09 Genk Borussia Monchengladbach
11%
CM Siebe Schrijvers 18/19 Genk Club Brugge
11%
ST Francois Sterchele 07/08 Beerschot Club Brugge
10%
RB Jelle Bataille 21/22 Oostende Royal Antwerp
10%
CM Casper De Norre 18/19 Sint-Truiden Genk
9%
CM Casper De Norre 23/24 Leuven Millwall
9%
CB Dorian Dessoleil 21/22 Charleroi Royal Antwerp
9%
RW Jonathan Legear 11/12 Anderlecht Terek Grozny
9%
DM Julien De Sart 15/16 Standard Liege Middlesbrough
9%
LB Laurens De Bock 12/13 Lokeren Club Brugge
9%
CB Senna Miangue 17/18 Inter Milan Cagliari
9%
DM Gaby Mudingayi 08/09 Lazio Bologna
7%
ST Ilombe Mboyo 13/14 Gent Genk
7%
CB Joos Valgaeren 00/01 Roda Celtic
7%
CB Maximiliano Caufriez 23/24 Spartak Moscow Clermont Foot
7%
CB Maximiliano Caufriez 21/22 Sint-Truiden Spartak Moscow
7%
LB Sebastien Pocognoli 07/08 Genk AZ Alkmaar
7%
RM Tom De Mul 07/08 Ajax Sevilla
7%
ST Tom De Sutter 08/09 Cercle Brugge Anderlecht
7%
ST Tom De Sutter 13/14 Anderlecht Club Brugge
7%
ST Cedric Roussel 00/01 Coventry City Wolverhampton Wanderers
6%
ST Marvin Ogunjimi 11/12 Genk Mallorca
6%
ST Renaud Emond 19/20 Standard Liege Nantes
6%
ST David Pollet 13/14 Charleroi Anderlecht
5%
LM Johan Walem 97/98 Anderlecht Udinese
5%
RB Luis Pedro Cavanda 18/19 Galatasaray Standard Liege
5%
LB Derrick Tshimanga 11/12 Lokeren Genk
4%
ST Kevin Oris 12/13 Daejeon Citizen Jeonbuk Hyundai
4%
CM Pierre Dwomoh 21/22 Genk Royal Antwerp
4%
ST Benjamin De Ceulaer 12/13 Lokeren Genk
3%
ST Bjorn Vleminckx 11/12 NEC Nijmegen Club Brugge
3%
LB Davy Oyen 98/99 Genk PSV
3%
AM Francesco Antonucci 16/17 Ajax Monaco
3%
AM Francesco Antonucci 20/21 Monaco Feyenoord
3%
ST Jurgen Cavens 01/02 Lierse Standard Liege
3%
CM Koen Daerden 06/07 Genk Club Brugge
3%
ST Luigi Pieroni 06/07 Auxerre Nantes
3%
LW Roland Lamah 08/09 Anderlecht Le Mans
3%
ST Baptiste Guillaume 15/16 Lens Lille
2%
DM Frederic Peiremans 00/01 Twente Real Sociedad
2%
CB Karel D'Haene 03/04 Royal Antwerp Trabzonspor
2%
CB Pieter Collen 01/02 NEC Nijmegen Feyenoord
2%
No matching quizzes found
Score Distribution
Percent of People with Each Score
Percentile by Number Answered
Your Score History
You have not taken this quiz